000 01376nam a22002297a 4500
999 _c6682
_d6682
003 AR-CdUCM
008 190319b ||||| |||| 00| 0 spa d
040 _aMUNICIPALIDAD PROVINCIAL DEL CUSCO
_cBIBLIOTECA MUNICIPAL DEL CUSCO
041 _heng
082 _a660 /
_bK57
245 _aEnciclopedia de tecnología química /
260 _aMéxico :
_bUTEHA,
_c1962
300 _a13 tomos ;
_bilustraciones ;
_c28 cm.
500 _aTomo 1: tapa ligeramente desprendida del lomo. Tomo 2: para taller debido a que las hojas del libro estan arrancadas Tomo 3: Para taller debido a que la tapa esta salida y necesita arreglo tomo 4: para taller lomo del libro roto
505 _aContenido: t.1: Abacá - Alimentos -- t.2: Alizarina - Azufre -- t.3: Bagazo - Caucho -- t.4 Celofan a Cobre -- t.5: Cohetes a criogénetica -- t.6: Cristales a enzimas -- t.7: Epinefrina a fertilizantes -- t.8: Fibras a grasas -- t.9: Guanidina a lecitina -- t.10: Leche a microanálisis químico -- t.11: Microorganismos a peróxidos orgánicos -- t.13: Polipropileno a revestimientos. -- t.14 : Revestimiento industriales -- t.15: Temperatura medición -- t.16: Vinagre -- Fermentación alcohólica ...
650 _aQuímica industrial
_918719
650 _aEnciclopedias
_96681
700 _aKirk, Raymond
_918796
700 _aOthmer, Donald
_918797
942 _2ddc
_cLIBROS
945 _azta